LEADER 02344nam0 22004933i 450 001 VAN00282697 005 20241218112744.951 017 70$2N$a9783030764814 100 $a20241108d2021 |0itac50 ba 101 $aeng 102 $aCH 105 $a|||| ||||| 181 $ai$b e 182 $ab 200 1 $aPhysics and Mechanics of New Materials and Their Applications$eProceedings of the International Conference PHENMA 2020$fIvan A. Parinov ...[et al.] editors 210 $aCham$cSpringer$d2021 215 $axxiv, 601 p.$cill.$d24 cm 410 1$1001VAN00126579$12001 $aSpringer Proceedings in Materials$1210 $aCham$cSpringer$d2019-$v10 606 $a74K35$xThin films [MSC 2020]$3VANC033952$2MF 606 $a82-XX$xStatistical mechanics, structure of matter [MSC 2020]$3VANC021931$2MF 606 $a92Exx$xChemistry [MSC 2020]$3VANC025596$2MF 610 $aApplications of advanced materials$9KW:K 610 $aEnvironmentally Friendly Materials$9KW:K 610 $aManufacturing Techniques of Advanced Materials$9KW:K 610 $aMaterials and Devices$9KW:K 610 $aMechanics of advanced materials$9KW:K 610 $aModeling Technologies$9KW:K 610 $aPhysics of advanced materials$9KW:K 610 $aThin-Film Nanodevices$9KW:K 620 $aCH$dCham$3VANL001889 702 1$aParinov$bIvan A.$3VANV106694 712 12$aInternational Conference on Physics and Mechanics of New Materials and Their Applications$f2021$eKitakyushu, Japan$3VANV235623 712 $aSpringer $3VANV108073$4650 790 1$aParinov, I. A.$zParinov, Ivan A.$3VANV201133 790 1$aParinov, I.A.$zParinov, Ivan A.$3VANV201134 790 1$aParinov, Ivan Anatol'evi?$zParinov, Ivan A.$3VANV235020 801 $aIT$bSOL$c20241220$gRICA 856 4 $uhttp://doi.org/10.1007/978-3-030-76481-4$zE-book ? Accesso al full-text attraverso riconoscimento IP di Ateneo, proxy e/o Shibboleth 899 $aBIBLIOTECA DEL DIPARTIMENTO DI MATEMATICA E FISICA$1IT-CE0120$2VAN08 912 $fN 912 $aVAN00282697 950 $aBIBLIOTECA DEL DIPARTIMENTO DI MATEMATICA E FISICA$d08DLOAD e-Book 9653 $e08eMF9653 20241127 996 $aPhysics and Mechanics of New Materials and Their Applications$92031405 997 $aUNICAMPANIA